Movies by Picture - K - Statistics

General Stats
  • This quiz has been taken 596 times
  • The average score is 8 of 16
Answer Stats
Picture Answer % Correct
King Kong
97%
The Karate Kid
97%
Kill Bill: Vol. 1
91%
Knives Out
70%
The King's Speech
61%
Kingsman: The Secret Service
60%
Kindergarten Cop
57%
Kick-Ass
55%
King Richard
41%
Knocked Up
41%
Kramer vs. Kramer
41%
Killers of the Flower Moon
31%
The Kid
30%
Kinky Boots
26%
Kingpin
20%
The Killing Fields
16%
No matching quizzes found
Score Distribution
Percent of People with Each Score
Percentile by Number Answered
Your Score History
You have not taken this quiz